| 000 | 00400nam a2200145Ia 4500 | ||
|---|---|---|---|
| 008 | 231129s2007||||xx |||||||||||||| ||spa|| | ||
| 020 | _a968-18-4521-8 | ||
| 040 | _bspa | ||
| 082 | _a690 S452t | ||
| 100 | _aSeeley Ivor H. | ||
| 245 | 0 | _aTecnología de la construcción | |
| 260 | _c2007 | ||
| 264 | _aMéxico : Limusa Noriega Editores | ||
| 942 |
_2ddc _cBKS |
||
| 999 |
_c25115 _d25115 |
||